Les pays que l'Equipe de France de football a le plus rencontré - Statistiques

Statistiques générales
  • Ce quiz a été pris 695 fois
  • Le résultat moyen est 12 sur 15
Statistiques - réponses
Nombre de matchs victoires-nuls-défaites Pays % Correct
28 13v - 6n - 9d Allemagne
98%
38 10v - 10n - 18d Italie
96%
41 11v - 6n - 24d Angleterre
95%
35 12v - 7n - 16d Espagne
95%
73 24v - 19n - 30d Belgique
94%
25 18v - 1n - 6d Portugal
94%
38 16v - 10n - 12d Suisse
87%
25 11v - 4n - 10d Pays-Bas
84%
18 5v - 7n - 6d Russie (Union soviétique)
83%
21 10v - 5n - 6d Suède
78%
23 12v - 2n - 9d Autriche
68%
22 8v - 2n - 12d Hongrie
62%
31 12v - 9n - 10d Serbie (Yougoslavie)
61%
24 8v - 6n - 10d République Tchèque (Tchécoslovaquie)
53%
21 9v - 4n - 8d Bulgarie
44%
Aucun quiz correspondant
Distribution des résultats
% des personnes avec chaque résultat
Percentile par nombre de réponses
Votre historique - résultats
Vous n’avez pas pris ce quiz